Origin : A skeptic's giude to the creation of life on earth

محفوظ في:
التفاصيل البيبلوغرافية
المؤلف الرئيسي: Shapiro, Robert
التنسيق: كتاب
اللغة:Undetermined
منشور في: New York Bantam 1987
الموضوعات:
الوسوم: إضافة وسم
لا توجد وسوم, كن أول من يضع وسما على هذه التسجيلة!
Thư viện lưu trữ: Trung tâm Học liệu Trường Đại học Cần Thơ
LEADER 00478nam a2200181Ia 4500
001 CTU_78658
008 210402s9999 xx 000 0 und d
082 |a 570 
082 |b S529 
100 |a Shapiro, Robert 
245 0 |a Origin : 
245 2 |b A skeptic's giude to the creation of life on earth 
245 0 |c Robert Shapiro 
260 |a New York 
260 |b Bantam 
260 |c 1987 
650 |a Life science 
980 |a Trung tâm Học liệu Trường Đại học Cần Thơ